| 000 | 01274pam a2200373 a 4500 | ||
|---|---|---|---|
| 999 |
_c28604 _d28575 |
||
| 001 | 015484763 | ||
| 003 | EG-ScBUE | ||
| 005 | 20200825151247.0 | ||
| 008 | 100203t2011 caua f b 001 0 eng d | ||
| 020 | _a9780840031723 (pbk.) | ||
| 020 | _a0840031726 (pbk.) | ||
| 040 |
_aStDuBDS _beng _erda _cStDuBDS _dUk |
||
| 082 | 0 | 4 |
_a302 _bKAS _222 |
| 100 | 1 |
_aKassin, Saul M., _eauthor. |
|
| 245 | 1 | 0 |
_aSocial psychology / _cSaul Kassin, John Jay College, Steven Fein, Williams College, Hazel Rose Markus, Stanford University. |
| 250 | _aEighth edition. | ||
| 250 | _aInternational edition. | ||
| 264 | 1 |
_aBelmont, CA : _bWadsworth, Cengage Learning : _c[2011] |
|
| 264 | 4 | _cc2011 | |
| 300 |
_a1 volume (various pagings) : _billustrations ; _c28 cm |
||
| 336 |
_atext _2rdacontent _btxt |
||
| 337 |
_aunmediated _2rdamedia _bn |
||
| 338 |
_avolume _2rdacarrier _bnc |
||
| 500 | _aIncludes glossary. | ||
| 504 | _aIncludes bibliographical references and index. | ||
| 650 | 7 |
_aSocial psychology. _2BUEsh |
|
| 653 |
_bHHUUPPSS _cJuly2020 |
||
| 655 |
_vReading book _934232 |
||
| 700 | 1 |
_aFein, Steven, _eauthor. |
|
| 700 | 1 |
_aMarkus, Hazel, _eauthor. |
|
| 942 |
_2ddc _cBB |
||